Akhari Hassar (Record no. 301949)

000 -LEADER
fixed length control field 00231 a2200109 4500
001 - CONTROL NUMBER
control field 66876
082 ## - DEWEY DECIMAL CLASSIFICATION NUMBER
Classification number 891.4393 ASL
090 ## - LOCALLY ASSIGNED LC-TYPE CALL NUMBER (OCLC); LOCAL CALL NUMBER (RLIN)
-- 38582
-- 38582
100 ## - MAIN ENTRY--PERSONAL NAME
Personal name Alam Rai
245 ## - TITLE STATEMENT
Title Akhari Hassar
260 ## - PUBLICATION, DISTRIBUTION, ETC.
Name of publisher, distributor, etc. Maktaba Al-Querash
942 ## - ADDED ENTRY ELEMENTS (KOHA)
Institution code [OBSOLETE] NUST-CAE
Call number prefix 891.4393 ASL
Holdings
Withdrawn status Lost status Damaged status Not for loan Collection code Permanent Location Current Location Date acquired Total Checkouts Full call number Barcode Date last seen Price effective from Koha item type
          College of Aeronautical Engineering (CAE) College of Aeronautical Engineering (CAE) 04/03/2017   891.4393 ASL CAEN-3308 04/05/2017 04/05/2017 Book
© 2023 Central Library, National University of Sciences and Technology. All Rights Reserved.